000 01016cam a2200289 a 4500
001 016111285
003 OSt
005 20141103112117.0
008 130222t2013 stkae frb 000 0 eng d
020 _a9780702043390 (pbk.)
020 _a0702043397 (pbk.)
040 _aStDuBDS
_beng
_cStDuBDS
_dStEdNL
_dEG-ScBUE
082 0 0 _a612.0082
_222
_bRAN
100 1 _aRankin, Jean,
_d1953-
_936410
245 1 0 _aMyles midwifery :
_banatomy and physiology workbook /
_cJean Rankin.
246 3 0 _aAnatomy and physiology workbook
260 _aEdinburgh, Scotland :
_bChurchill Livingstone,
_cc.2013.
300 _avi, 238 p. :
_bplans, tables ;
_c28 cm.
504 _aIncludes bibliographical references.
650 0 _aWomen
_xPhysiology
_vProblems, exercises, etc.
_936411
650 0 _aPregnancy
_vProblems, exercises, etc.
_936415
650 0 _aChildbirth
_vProblems, exercises, etc.
_936413
650 0 _aMidwifery
_936414
653 _bNNUR
_cNovember2014
655 _vreading book
_934232
942 _2ddc
_k612.0082 RAN
999 _c18536
_d18508